000 00326nam a2200157Ia 4500
100 _aBridger/ R.S.
650 _aGeneral
942 _cBK
654 _aergonomies
245 _aIntroduction to Ergonomics
260 _bMc Graw Hill
_c1995
082 _a620.82
_bBRI
300 _a529
546 _aENGLISH
999 _c21548
_d21548